|
|
|
|
| LEADER |
01273naa a2200289 i 4500 |
| 001 |
acta83604 |
| 005 |
20240206144036.0 |
| 008 |
240206s2023 hu o 100 hun d |
| 020 |
|
|
|a 978-963-306-937-0
|
| 040 |
|
|
|a SZTE Egyetemi Kiadványok Repozitórium
|b hun
|
| 041 |
|
|
|a hun
|
| 100 |
1 |
|
|a Pecsmány Péter
|
| 245 |
1 |
0 |
|a Monitoring hálózatok és szenzorok alkalmazási tapasztalatai a környezeti és klímaadaptációs projektek során
|h [elektronikus dokumentum] :
|b [absztrakt] /
|c Pecsmány Péter
|
| 260 |
|
|
|a SZTE Geoinformatikai, Természet- és Környezetföldrajzi Tanszék
|b Szeged
|c 2023
|
| 300 |
|
|
|a 63-64
|
| 490 |
0 |
|
|a Kárpát-medencei Környezettudományi Konferencia
|v 18
|
| 650 |
|
4 |
|a Természettudományok
|
| 650 |
|
4 |
|a Föld- és kapcsolódó környezettudományok
|
| 695 |
|
|
|a Éghajlati változás - program - előadáskivonat
|
| 700 |
0 |
1 |
|a Dobai András
|e aut
|
| 700 |
0 |
1 |
|a Szalontai Lajos
|e aut
|
| 700 |
0 |
1 |
|a Dobos Endre
|e aut
|
| 700 |
0 |
1 |
|a Deák Tamás
|e aut
|
| 700 |
0 |
1 |
|a Farkas Dániel
|e aut
|
| 700 |
0 |
1 |
|a Szamosi Attila
|e aut
|
| 711 |
|
|
|a XVIII. Kárpát-medencei Környezettudományi Konferencia
|c Szeged
|d 2023. május 17-19.
|
| 856 |
4 |
0 |
|u http://acta.bibl.u-szeged.hu/83604/1/karpat_medencei_kornyezettud_konf_018_063-064.pdf
|z Dokumentum-elérés
|